| Tag |
First Indicator |
Second Indicator |
Subfields |
| LEADER |
00000cam a22000001a 4500 |
| 001 |
in00003644313 |
| 006 |
m o d f |
| 007 |
cr bn mmmapmmp |
| 008 |
141121s1906 dcu o f000 0 eng d |
| 005 |
20260611153450.3 |
| 035 |
|
|
|a ebd1909100394
|
| 040 |
|
|
|a UMI
|c UMI
|d UtOrBLW
|
| 086 |
0 |
|
|a C 10.5:2685
|
| 099 |
|
|
|a C1005-2685
|
| 110 |
1 |
|
|a United States.
|b Bureau of Manufactures.
|0 http://id.loc.gov/authorities/names/n78091155
|
| 245 |
1 |
0 |
|a Daily consular and trade reports.
|
| 264 |
|
1 |
|a [Washington] :
|b [publisher not identified],
|c 1906.
|
| 300 |
|
|
|a 1 online resource (8 pages)
|
| 336 |
|
|
|a text
|b txt
|2 rdacontent
|
| 337 |
|
|
|a computer
|b c
|2 rdamedia
|
| 338 |
|
|
|a online resource
|b cr
|2 rdacarrier
|
| 500 |
|
|
|a Reports present consular summaries, with occasional statistics, on production and trade of selected commodities, population, natural resources, government, and finance, for selected countries.
|
| 533 |
|
|
|a Electronic reproduction.
|b [Bethesda, Md.] :
|c ProQuest,
|d 2014.
|e digital, PDF file.
|n ProQuest U.S. Executive Branch Documents
|n Mode of access: World Wide Web via ProQuest website.
|
| 588 |
|
|
|a Record is based on online resource; title from PDF title page (ProQuest, last viewed Nov. 2014). Reuse except for individual research requires license from ProQuest, LLC.
|
| 500 |
|
|
|a Electronic resource.
|
| 650 |
|
0 |
|a Art.
|0 http://id.loc.gov/authorities/names/n83019674
|
| 650 |
|
0 |
|a Shoe industry.
|0 http://id.loc.gov/authorities/subjects/sh85121723
|
| 650 |
|
0 |
|a Textile industry.
|0 http://id.loc.gov/authorities/subjects/sh85134373
|
| 650 |
|
0 |
|a Wine and wine making.
|0 http://id.loc.gov/authorities/subjects/sh85146975
|
| 655 |
|
7 |
|a Electronic books.
|2 local
|
| 856 |
4 |
0 |
|u http://proxy.library.tamu.edu/login?url=https://congressional.proquest.com/congressional/docview/t66.d71.c1005-2685
|z Connect to the full text of this electronic document
|t 0
|
| 999 |
f |
f |
|s d7e238a6-74fe-36f2-9064-eb28bf99afa6
|i 72524778-c2f9-3081-99dd-9445c4c0501a
|t 0
|
| 952 |
f |
f |
|a Texas A&M University
|b College Station
|c Electronic Resources
|s www_evans
|d Available Online
|t 0
|h No information provided
|
| 998 |
f |
f |
|t 0
|l Available Online
|